Hoá học hữu cơ

Đã lưu trong:
书目详细资料
主要作者: Văn Đình Đệ ... [et al.]
格式: 图书
语言:Undetermined
出版: H. KHKT 2002
主题:
标签: 添加标签
没有标签, 成为第一个标记此记录!
Thư viện lưu trữ: Trung tâm Học liệu Trường Đại học Cần Thơ
LEADER 00486nam a2200181Ia 4500
001 CTU_54491
008 210402s9999 xx 000 0 und d
020 |b 26000 
082 |a 547 
082 |b H401 
100 |a Văn Đình Đệ ... [et al.] 
245 0 |a Hoá học hữu cơ 
245 0 |c Văn Đình Đệ ... [et al.] 
260 |a H. 
260 |b KHKT 
260 |c 2002 
650 |a chemistry, organic 
980 |a Trung tâm Học liệu Trường Đại học Cần Thơ